<?xml version="1.0" encoding="UTF-8"?>
<record
    xmlns:xsi="http://www.w3.org/2001/XMLSchema-instance"
    xsi:schemaLocation="http://www.loc.gov/MARC21/slim http://www.loc.gov/standards/marcxml/schema/MARC21slim.xsd"
    xmlns="http://www.loc.gov/MARC21/slim">

  <leader>02609cam a22003135a 4500</leader>
  <controlfield tag="001">11510131</controlfield>
  <controlfield tag="005">20160418132006.0</controlfield>
  <controlfield tag="008">150529t2015    gw a   frb    001 0 eng d</controlfield>
  <datafield tag="020" ind1=" " ind2=" ">
    <subfield code="a">9783319155906</subfield>
  </datafield>
  <datafield tag="040" ind1=" " ind2=" ">
    <subfield code="d">WaSeSS</subfield>
    <subfield code="d">EG-ScBUE</subfield>
    <subfield code="b">eng</subfield>
  </datafield>
  <datafield tag="082" ind1="0" ind2="4">
    <subfield code="a">617.6342</subfield>
    <subfield code="2">22</subfield>
    <subfield code="b">PAT</subfield>
  </datafield>
  <datafield tag="100" ind1="1" ind2=" ">
    <subfield code="a">Patel, Bobby.</subfield>
    <subfield code="e">.</subfield>
    <subfield code="9">39836</subfield>
  </datafield>
  <datafield tag="245" ind1="1" ind2="0">
    <subfield code="a"> Endodontic diagnosis, pathology, and treatment planning :</subfield>
    <subfield code="b">mastering clinical practice /</subfield>
    <subfield code="c">Bobby Patel.</subfield>
  </datafield>
  <datafield tag="260" ind1=" " ind2=" ">
    <subfield code="a">Cham :</subfield>
    <subfield code="b">Springer,</subfield>
    <subfield code="c">c.2015.</subfield>
  </datafield>
  <datafield tag="300" ind1=" " ind2=" ">
    <subfield code="a">xvii, 315 p. :</subfield>
    <subfield code="b">ill. (col.) ;</subfield>
    <subfield code="c">24 cm.</subfield>
  </datafield>
  <datafield tag="500" ind1=" " ind2=" ">
    <subfield code="a">Index : p. 307-315.</subfield>
  </datafield>
  <datafield tag="504" ind1=" " ind2=" ">
    <subfield code="a">Includes bibliographical references.</subfield>
  </datafield>
  <datafield tag="505" ind1="0" ind2=" ">
    <subfield code="a">Pain of dental/non dental origin -- Functions of the pulp -- Classification of pulpal and peri-apical disease -- Cysts -- Preoperative management -- Cleaning and sterilization -- Treatment planning and Decision making process -- Endodontic armamentarium -- Antibiotics and analgesics -- Examination and diagnosis -- Radiography and endodontics -- Anatomy and root canal morphology -- Rubber dam -- Local anaesthesia -- Endodontic-Periodontal relationship -- Orthodontic-endodontic relationship -- Systemic disease and endodontics.</subfield>
  </datafield>
  <datafield tag="506" ind1=" " ind2=" ">
    <subfield code="a">License restrictions may limit access.</subfield>
  </datafield>
  <datafield tag="520" ind1=" " ind2=" ">
    <subfield code="a">This book is intended as a practical guide to endodontic diagnosis, pathology, and treatment planning that avoids the pitfall of excessive theoretical information, common to many traditional endodontic textbooks. The coverage is comprehensive and encompasses such topics as disease classification, the endodontic armamentarium, anatomy, the role of different radiographic techniques, treatment decision making, preoperative management, the use of antibiotics and analgesics, and anesthesia. Numerous high-quality illustrations and clinical photographs are included to highlight key concepts and findings, and best practice is documented by means of clinical case examples. The provision of concise tips and recommendations ensures that the reader will quickly be able to find solutions to diverse endodontic challenges. In addition, the most relevant literature is reviewed in order to support and reinforce the discussed clinical concepts. The book will assist dental practitioners and endodontic trainees/specialists in planning the management of any endodontic case from first principles.</subfield>
  </datafield>
  <datafield tag="650" ind1=" " ind2="7">
    <subfield code="a">Dentistry.</subfield>
    <subfield code="2">BUEsh</subfield>
    <subfield code="9">39515</subfield>
  </datafield>
  <datafield tag="650" ind1=" " ind2="7">
    <subfield code="a">Endodontics.</subfield>
    <subfield code="2">BUEsh</subfield>
    <subfield code="9">32092</subfield>
  </datafield>
  <datafield tag="651" ind1=" " ind2=" ">
    <subfield code="2">BUEsh</subfield>
  </datafield>
  <datafield tag="653" ind1=" " ind2=" ">
    <subfield code="b">DDent</subfield>
    <subfield code="c">April2016</subfield>
  </datafield>
  <datafield tag="773" ind1="0" ind2=" ">
    <subfield code="t">Springer eBooks</subfield>
  </datafield>
  <datafield tag="773" ind1=" " ind2="0">
    <subfield code="t">SpringerLINK ebooks - Medicine (2015)</subfield>
  </datafield>
  <datafield tag="776" ind1="0" ind2="8">
    <subfield code="i">Printed edition:</subfield>
    <subfield code="z">9783319155906</subfield>
  </datafield>
  <datafield tag="942" ind1=" " ind2=" ">
    <subfield code="2">ddc</subfield>
  </datafield>
  <datafield tag="999" ind1=" " ind2=" ">
    <subfield code="c">21639</subfield>
    <subfield code="d">21611</subfield>
  </datafield>
  <datafield tag="952" ind1=" " ind2=" ">
    <subfield code="0">0</subfield>
    <subfield code="1">0</subfield>
    <subfield code="2">ddc</subfield>
    <subfield code="4">0</subfield>
    <subfield code="7">0</subfield>
    <subfield code="8">Alahram</subfield>
    <subfield code="a">MAIN</subfield>
    <subfield code="b">MAIN</subfield>
    <subfield code="c">1ST</subfield>
    <subfield code="d">2016-04-18</subfield>
    <subfield code="e">Purchase</subfield>
    <subfield code="g">1128.00</subfield>
    <subfield code="l">7</subfield>
    <subfield code="m">90</subfield>
    <subfield code="o">617.6342 PAT</subfield>
    <subfield code="p">000032357</subfield>
    <subfield code="r">2025-07-15 00:00:00</subfield>
    <subfield code="s">2023-06-01</subfield>
    <subfield code="v">1410.00</subfield>
    <subfield code="y">BB</subfield>
  </datafield>
</record>
